| 000 | 005370000a22001810004500 | ||
|---|---|---|---|
| 003 | MACL | ||
| 005 | 20160223133728.0 | ||
| 008 | 160223b xxu||||| |||| 00| 0 eng d | ||
| 040 |
_aMACL _cMACL |
||
| 041 | _aHindi | ||
| 082 | _a630 | ||
| 100 |
_aसिंह चंदन _939649 |
||
| 245 | _aसुघरे हुए खेती औजार | ||
| 260 |
_bअ. भा. सर्व सेवा संध प्रकाशन _c1958 _aकाशी |
||
| 350 | _a0.50 | ||
| 650 |
_aAgriculture _939650 |
||
| 942 |
_cHIN _k630 _2ddc |
||
| 999 |
_c24762 _d24762 |
||